[Event "XX Festival A"]
[Site "Campobasso ITA"]
[Date "2013.08.03"]
[Round "4"]
[White "Lazov, Stefan"]
[Black "Lombardi, Vincenzo Angelo"]
[WhiteElo "1798"]
[BlackElo "1920"]
[Result "0-1"]
[PlyCount "98"]
[EventDate "2013.08.02"]

1. e4 e5 2. Nf3 Nc6 3. Bc4 Bc5 4. c3 Nf6 5. d3 d6 6. h3 Be6 7. Bb3 h6 8. O-O
Qd7 9. Bxe6 fxe6 10. d4 exd4 11. cxd4 Bb6 12. Nc3 O-O-O 13. Be3 g5 14. d5 Ne7
15. Bxb6 cxb6 16. Rc1 Kb8 17. dxe6 Qxe6 18. Nd4 Qd7 19. Qb3 d5 20. exd5 Nfxd5
21. Nxd5 Nxd5 22. Rfd1 Rhf8 23. Nb5 Qf5 24. Rd2 Nf4 25. Rcd1 Rxd2 26. Rxd2 Qe4
27. Qg3 Qe1+ 28. Kh2 Qxd2 29. Qa3 Ne6 30. Qxa7+ Kc8 31. Qa8+ Kd7 32. Qxb7+ Ke8
33. Qxb6 Qf4+ 34. Kh1 Kf7 35. a4 Rd8 36. Nc3 Qd4 37. Qb7+ Rd7 38. Qf3+ Kg7 39.
a5 Rf7 40. Qc6 Rxf2 41. Qb7+ Rf7 42. Qb8 Rf1+ 43. Kh2 h5 44. Qb7+ Rf7 45. Qc6
Qe5+ 46. Kg1 h4 47. Ne4 Nd4 48. Qc4 Qxe4 49. a6 Ne2+ 0-1

[Event "XX Festival A"]
[Site "Campobasso ITA"]
[Date "2013.08.03"]
[Round "4"]
[White "Ljubisavljevic, Zivojin Z."]
[Black "Chiaretti, Roberto"]
[WhiteElo "2219"]
[BlackElo "2212"]
[Result "1-0"]
[PlyCount "119"]
[EventDate "2013.08.02"]

1. d4 Nf6 2. c3 d6 3. Bg5 Nbd7 4. Nd2 h6 5. Bh4 g5 6. Bg3 Nh5 7. e3 Nxg3 8.
hxg3 Bg7 9. f4 Nf6 10. Bc4 c6 11. Ngf3 g4 12. Nh4 b5 13. Bd3 a6 14. Qe2 c5 15.
Ne4 Qb6 16. a4 b4 17. a5 Qc6 18. Nd2 bxc3 19. bxc3 O-O 20. O-O e5 21. dxe5 dxe5
22. fxe5 Nd5 23. Be4 Qe6 24. Qf2 Rb8 25. Nc4 Nxc3 26. Bd3 Qd5 27. Qc2 Rd8 28.
Bh7+ Kh8 29. Nd6 Rxd6 30. exd6 Be6 31. Bf5 Qxd6 32. Bxe6 Qxe6 33. Nf5 Ne2+ 34.
Qxe2 Bxa1 35. Rxa1 Qxf5 36. Qxa6 Kg7 37. Qc4 Rb4 38. Qc3+ Qf6 39. Qxf6+ Kxf6
40. a6 Rb8 41. a7 Ra8 42. Kf2 Ke5 43. Ke2 Kd5 44. Kd3 c4+ 45. Kd2 f5 46. Ra4
Ke5 47. Ra5+ Ke4 48. Ke2 h5 49. Ra4 Ke5 50. Kd2 Kd5 51. Ra5+ Ke4 52. Ke2 h4 53.
gxh4 f4 54. exf4 Kxf4 55. Kf2 Ke4 56. Ra3 Kd4 57. Ke2 Kc5 58. Kd2 Kb4 59. Ra6
Kb3 60. Rb6+ 1-0

[Event "XX Festival A"]
[Site "Campobasso ITA"]
[Date "2013.08.03"]
[Round "4"]
[White "Mininni, Saverio"]
[Black "Cipollaro, Giovanni"]
[WhiteElo "1491"]
[BlackElo "1913"]
[Result "0-1"]
[PlyCount "84"]
[EventDate "2013.08.02"]

1. e4 c6 2. Nf3 d5 3. exd5 cxd5 4. d4 Nf6 5. Bb5+ Bd7 6. Bxd7+ Nbxd7 7. O-O e6
8. Bg5 Be7 9. Bxf6 Nxf6 10. c3 O-O 11. Nbd2 a6 12. h3 b5 13. a3 a5 14. Ne5 Qb6
15. b4 Rfc8 16. Qb3 Qc7 17. Rfc1 axb4 18. cxb4 Qxc1+ 19. Rxc1 Rxc1+ 20. Kh2 Rc7
21. Nd3 Ne8 22. Nc5 Nd6 23. Qg3 Rca7 24. Nb1 Nc4 25. Qd3 Bd6+ 26. g3 Be7 27. h4
h5 28. Qe2 g6 29. Nc3 Nxa3 30. Nxb5 Nxb5 31. Qxb5 Ra2 32. Nd3 Bf6 33. Qc5 R8a3
34. Nf4 Rxf2+ 35. Kg1 Rd2 36. Qc1 Bxd4+ 37. Kf1 Ra1 38. Ke1 Rxc1+ 39. Kxd2 Rc4
40. Nd3 Bc3+ 41. Ke3 Bxb4 42. Ne5 Re4+ 0-1

[Event "XX Festival A"]
[Site "Campobasso ITA"]
[Date "2013.08.03"]
[Round "4"]
[White "Palladino, Andrea"]
[Black "Franciosi, Fausto"]
[WhiteElo "1965"]
[BlackElo "2084"]
[Result "0-1"]
[PlyCount "58"]
[EventDate "2013.08.02"]

1. d4 Nf6 2. Nf3 d6 3. c4 g6 4. Nc3 Bg7 5. e4 O-O 6. Be2 e5 7. O-O Nc6 8. d5
Ne7 9. Ne1 Nd7 10. Be3 f5 11. f3 f4 12. Bf2 h5 13. Nd3 g5 14. c5 Nf6 15. Rc1
Ne8 16. Qb3 Ng6 17. cxd6 cxd6 18. Nb5 g4 19. Rc2 Bd7 20. Rfc1 g3 21. hxg3 fxg3
22. Bxg3 Bh6 23. Rd1 Be3+ 24. Bf2 Bxf2+ 25. Kxf2 Qb6+ 26. Kf1 Bxb5 27. Rdc1 Nf6
28. Ke1 Bxd3 29. Qxd3 Nf4 0-1

[Event "XX Festival A"]
[Site "Campobasso ITA"]
[Date "2013.08.03"]
[Round "4"]
[White "Petruccioli, Antonio"]
[Black "Vena, Alessio"]
[WhiteElo "2087"]
[BlackElo "1918"]
[Result "1-0"]
[PlyCount "22"]
[EventDate "2013.08.02"]

1. e4 c5 2. Nc3 a6 3. f4 e6 4. Nf3 b5 5. d3 Bb7 6. g4 b4 7. Ne2 d6 8. Ng3 Nf6
9. g5 Nfd7 10. h4 Nc6 11. Bh3 Nd4 1-0

[Event "XX Festival A"]
[Site "Campobasso ITA"]
[Date "2013.08.03"]
[Round "4"]
[White "Ristic, Nenad"]
[Black "Foglia, Maurizio"]
[WhiteElo "2437"]
[BlackElo "2113"]
[Result "1/2-1/2"]
[PlyCount "94"]
[EventDate "2013.08.02"]

1. e4 Nf6 2. e5 Nd5 3. d4 d6 4. Nf3 dxe5 5. Nxe5 c6 6. Nc3 Nxc3 7. bxc3 Nd7 8.
Nf3 Nf6 9. Bc4 Bf5 10. Ne5 e6 11. Rb1 Qc7 12. O-O Bd6 13. Qe2 O-O 14. f4 b5 15.
Bd3 Nd5 16. Bd2 f6 17. c4 bxc4 18. Bxf5 exf5 19. Nxc4 Bxf4 20. Bxf4 Nxf4 21.
Qe3 Nd5 22. Qe6+ Kh8 23. Qxf5 Nc3 24. Rbe1 Rae8 25. Qc5 Nd5 26. Qa3 Nb6 27. Nd6
Rxe1 28. Rxe1 Rd8 29. c4 g6 30. c5 Nd5 31. Qh3 f5 32. Qh4 Rf8 33. h3 Qg7 34.
Re5 g5 35. Qe1 f4 36. Qe4 h6 37. Re6 f3 38. gxf3 Nc3 39. Qd3 Nd5 40. Ne8 Nf4
41. Qe4 Qh7 42. Qxh7+ Kxh7 43. Re7+ Kg6 44. Kf2 Nxh3+ 45. Ke3 Nf4 46. Rg7+ Kh5
47. Nd6 Nd5+ 1/2-1/2

[Event "XX Festival A"]
[Site "Campobasso ITA"]
[Date "2013.08.03"]
[Round "4"]
[White "Santeramo, Domenico"]
[Black "Radice, Mario"]
[WhiteElo "2059"]
[BlackElo "1910"]
[Result "1/2-1/2"]
[PlyCount "38"]
[EventDate "2013.08.02"]

1. e4 e5 2. Nf3 Nf6 3. Nc3 Bb4 4. Bc4 d6 5. a3 Bxc3 6. dxc3 O-O 7. Qe2 Bg4 8.
Bg5 Nbd7 9. O-O-O Nc5 10. h3 Bh5 11. Bd3 Re8 12. g4 Bg6 13. Nd2 c6 14. f3 Qe7
15. h4 h6 16. Be3 d5 17. Qg2 dxe4 18. Bxe4 Ncxe4 19. fxe4 Qe6 1/2-1/2

[Event "XX Festival A"]
[Site "Campobasso ITA"]
[Date "2013.08.03"]
[Round "4"]
[White "Stromboli, Ettore"]
[Black "Zinnai, Graziano Matteo"]
[WhiteElo "2336"]
[BlackElo "2021"]
[Result "1-0"]
[PlyCount "55"]
[EventDate "2013.08.02"]

1. e4 e6 2. d4 d5 3. e5 c5 4. c3 Nc6 5. Be3 Bd7 6. Nf3 cxd4 7. cxd4 Nge7 8. Be2
Nf5 9. O-O Be7 10. Nc3 Rc8 11. Bd3 Nxe3 12. fxe3 a6 13. Rc1 b5 14. Ne2 Na5 15.
Rxc8 Qxc8 16. Nf4 Nc4 17. Qe2 f5 18. exf6 Bxf6 19. e4 Bxd4+ 20. Nxd4 Qc5 21.
Qf2 Rf8 22. Ndxe6 Qxf2+ 23. Rxf2 Bxe6 24. Nxe6 Rxf2 25. Kxf2 Nxb2 26. Be2 dxe4
27. Ke3 Kf7 28. Nc7 1-0

[Event "XX Festival A"]
[Site "Campobasso ITA"]
[Date "2013.08.03"]
[Round "4"]
[White "Taurisano, Vincenzo"]
[Black "Ciampi, Vincenzo"]
[WhiteElo "1945"]
[BlackElo "2123"]
[Result "0-1"]
[PlyCount "52"]
[EventDate "2013.08.02"]

1. d4 Nf6 2. c4 c5 3. Nf3 cxd4 4. Nxd4 e5 5. Nf3 e4 6. Nd4 d5 7. e3 Nc6 8. Nc3
Bb4 9. Be2 Qa5 10. Nxc6 Bxc3+ 11. bxc3 bxc6 12. Bd2 dxc4 13. Bxc4 Qg5 14. Bf1
O-O 15. c4 Be6 16. Qc2 Rfe8 17. Bc3 Rad8 18. h4 Qg6 19. g3 Ng4 20. Bd4 c5 21.
Bxc5 Qf5 22. Bd4 Qf3 23. Rg1 Rxd4 24. exd4 e3 25. fxe3 Qxe3+ 26. Qe2 Qc3+ 0-1

[Event "XX Festival A"]
[Site "Campobasso ITA"]
[Date "2013.08.03"]
[Round "4"]
[White "Vuelban, Virgilio"]
[Black "Stromboli, Carlo"]
[WhiteElo "2301"]
[BlackElo "2328"]
[Result "0-1"]
[PlyCount "78"]
[EventDate "2013.08.02"]

1. e4 e5 2. Nf3 Nc6 3. d4 exd4 4. Nxd4 Bb4+ 5. c3 Be7 6. Nxc6 bxc6 7. Bd3 d6 8.
O-O Nf6 9. Qa4 Bd7 10. Qc2 O-O 11. Nd2 Re8 12. f4 Bf8 13. Nf3 h6 14. Bd2 c5 15.
c4 Bc6 16. Rae1 Rb8 17. Bc3 Nh5 18. Qd2 Qc8 19. f5 Qb7 20. Qc2 Be7 21. e5 Bxf3
22. f6 gxf6 23. exf6 Bxf6 24. Rxe8+ Rxe8 25. Rxf3 Bxc3 26. bxc3 Re5 27. Bg6
fxg6 28. Qxg6+ Ng7 29. Rf7 Re1+ 30. Kf2 Qb2+ 31. Kxe1 Qxc3+ 32. Kf2 Qd4+ 33.
Kg3 Qc3+ 34. Kf2 Qd4+ 35. Kg3 Qc3+ 36. Rf3 Qxc4 37. Qxh6 Qxa2 38. Qg5 Qe6 39.
Rf6 Qxf6 0-1

[Event "XX Festival A"]
[Site "Campobasso ITA"]
[Date "2013.08.04"]
[Round "5"]
[White "Altini, Nicola"]
[Black "Ristic, Nenad"]
[WhiteElo "2347"]
[BlackElo "2437"]
[Result "1-0"]
[PlyCount "45"]
[EventDate "2013.08.02"]

1. d4 Nf6 2. c4 c5 3. d5 b5 4. Nf3 g6 5. Qc2 Bg7 6. e4 O-O 7. cxb5 Bb7 8. Nc3
e6 9. Bg5 exd5 10. e5 Qe8 11. O-O-O Ne4 12. Nxd5 Nxg5 13. Nxg5 Qxe5 14. f4 Qe8
15. Bc4 Qd8 16. Rhe1 Kh8 17. Rd3 h6 18. Rh3 f5 19. Rxh6+ Bxh6 20. Qc3+ Rf6 21.
Nf7+ Kh7 22. Nxd8 Bxd5 23. Re7+ 1-0

[Event "XX Festival A"]
[Site "Campobasso ITA"]
[Date "2013.08.04"]
[Round "5"]
[White "Ambrosone, Antonio"]
[Black "Vena, Alessio"]
[WhiteElo "1901"]
[BlackElo "1918"]
[Result "1/2-1/2"]
[PlyCount "49"]
[EventDate "2013.08.02"]

1. e4 d6 2. d4 Nf6 3. Nc3 e5 4. dxe5 dxe5 5. Qxd8+ Kxd8 6. Bc4 Ke8 7. Bg5 c6 8.
a3 Nbd7 9. Nf3 b5 10. Bb3 a6 11. O-O Bc5 12. Rad1 Ke7 13. h3 Bb6 14. Bh4 Bc7
15. Bg3 Nh5 16. Bh2 h6 17. g4 Nf4 18. Bxf4 exf4 19. Nd4 Ne5 20. Nxc6+ Nxc6 21.
Nd5+ Kd6 22. Nb6+ Ke7 23. Nd5+ Kd6 24. Nb6+ Ke7 25. Nd5+ 1/2-1/2

[Event "XX Festival A"]
[Site "Campobasso ITA"]
[Date "2013.08.04"]
[Round "5"]
[White "Baltzopoulos, Giorgos"]
[Black "Mininni, Saverio"]
[WhiteElo "1950"]
[BlackElo "1491"]
[Result "1-0"]
[PlyCount "93"]
[EventDate "2013.08.02"]

1. e4 c5 2. Nf3 e6 3. d4 Nf6 4. Nc3 cxd4 5. Nxd4 Bb4 6. Bd3 Bxc3+ 7. bxc3 Nc6
8. O-O O-O 9. Nf3 d6 10. Bg5 e5 11. Nd2 h6 12. Bh4 Bg4 13. f3 Be6 14. Kh1 g5
15. Be1 Qc7 16. Nc4 Ne7 17. Ne3 Ng6 18. g3 Rad8 19. c4 Qc5 20. Bf2 Qc8 21. Rb1
b6 22. Qd2 Bh3 23. Rfc1 Be6 24. Nd5 Bxd5 25. cxd5 Rd7 26. a4 Rc7 27. a5 Nd7 28.
axb6 axb6 29. Bxb6 Nxb6 30. Rxb6 Rd8 31. Qb4 Rc5 32. Ra1 h5 33. Raa6 Qc7 34.
Rb7 Qc8 35. Raa7 Rf8 36. Rd7 h4 37. Qd2 h3 38. Qxg5 Rxc2 39. Qxg6+ Kh8 40. Qh5+
Kg8 41. Qg4+ Kh8 42. Qxh3+ Kg8 43. Qg4+ Kh8 44. Bxc2 Qxc2 45. Rxf7 Rxf7 46.
Qh5+ Kg7 47. Rxf7+ 1-0

[Event "XX Festival A"]
[Site "Campobasso ITA"]
[Date "2013.08.04"]
[Round "5"]
[White "Chiaretti, Roberto"]
[Black "Santeramo, Domenico"]
[WhiteElo "2212"]
[BlackElo "2059"]
[Result "0-1"]
[PlyCount "88"]
[EventDate "2013.08.02"]

1. e4 e6 2. d4 d5 3. Nc3 Bb4 4. exd5 exd5 5. Qf3 Ne7 6. Bd3 Nbc6 7. Nge2 Be6 8.
a3 Ba5 9. Qg3 g6 10. Bg5 Qd7 11. O-O O-O-O 12. Bf6 Rhg8 13. b4 Bb6 14. Na4 Rde8
15. Nc5 Bxc5 16. dxc5 Bf5 17. b5 Na5 18. Nd4 Bxd3 19. Qxd3 c6 20. Rab1 Nf5 21.
Rb4 Nxd4 22. Bxd4 cxb5 23. Rxb5 Nc6 24. c3 Ne5 25. Qb1 Qc6 26. a4 Nc4 27. Qc1
f5 28. Qg5 Re6 29. h4 Rge8 30. h5 Re4 31. hxg6 hxg6 32. Qh6 Na3 33. Rb2 Nc4 34.
Rb4 Re2 35. Rd1 a5 36. Rb5 Re1+ 37. Rxe1 Rxe1+ 38. Kh2 Qc7+ 39. g3 Qf7 40. Kg2
Qe8 41. Kh2 Qe4 42. Qf8+ Qe8 43. Qf6 Nd2 44. Rb6 Nf3+ 0-1

[Event "XX Festival A"]
[Site "Campobasso ITA"]
[Date "2013.08.04"]
[Round "5"]
[White "Chicco, Giancarlo"]
[Black "Taurisano, Vincenzo"]
[WhiteElo "1562"]
[BlackElo "1945"]
[Result "0-1"]
[PlyCount "84"]
[EventDate "2013.08.02"]

1. b3 d5 2. Bb2 Nf6 3. g3 Bf5 4. d3 e6 5. Bg2 Be7 6. e3 c6 7. Nd2 Nbd7 8. Ne2
O-O 9. O-O Qc7 10. h3 h6 11. a3 a5 12. f4 a4 13. b4 c5 14. bxc5 Nxc5 15. Nf3
Rfc8 16. Be5 Qd8 17. g4 Bh7 18. Qd2 Ncd7 19. Rfb1 b6 20. Kh2 Ra5 21. Kg3 Rac5
22. Ra2 Nxe5 23. fxe5 Nd7 24. Rbb2 Qc7 25. Kf2 Nxe5 26. Nxe5 Qxe5 27. Rxb6 Bh4+
28. Kg1 Qf6 29. Nd4 Qd8 30. Ra6 e5 31. Nf3 Bg5 32. Qe2 e4 33. Nxg5 exd3 34.
cxd3 Rc1+ 35. Bf1 hxg5 36. Rxa4 Qd6 37. Kg2 Bg6 38. Rb4 R8c3 39. Rd4 Qc7 40.
Kf3 Qc5 41. a4 f5 42. gxf5 Bh5+ 0-1

[Event "XX Festival A"]
[Site "Campobasso ITA"]
[Date "2013.08.04"]
[Round "5"]
[White "Ciampi, Vincenzo"]
[Black "Ljubisavljevic, Zivojin Z."]
[WhiteElo "2123"]
[BlackElo "2219"]
[Result "0-1"]
[PlyCount "108"]
[EventDate "2013.08.02"]

1. d4 d5 2. Nf3 g6 3. c4 Nf6 4. cxd5 Bg7 5. Nc3 Nxd5 6. e4 Nxc3 7. bxc3 O-O 8.
Be3 c5 9. Qd2 cxd4 10. cxd4 Nc6 11. Be2 Bg4 12. e5 Qa5 13. Qxa5 Nxa5 14. Nd2
Bxe2 15. Kxe2 f5 16. f3 Rac8 17. Rhc1 b6 18. Kd3 Kf7 19. g4 Rfd8 20. Rxc8 Rxc8
21. gxf5 gxf5 22. Rg1 e6 23. Rg3 Nc6 24. Nc4 Nb4+ 25. Kc3 Nd5+ 26. Kd3 Rxc4 27.
Kxc4 Nxe3+ 28. Kb5 Nd5 29. a4 Bf8 30. a5 bxa5 31. Kxa5 Bb4+ 32. Kb5 Bd2 33. Rg2
Bc3 34. Kc5 a5 35. Ra2 Bb4+ 36. Kc4 h5 37. Kb3 h4 38. Rc2 Be7 39. Rc6 h3 40.
Ra6 Bb4 41. Rc6 Bd2 42. Rc2 Be3 43. Kc4 a4 44. Ra2 Bf4 45. Ra1 a3 46. Kb3 Be3
47. Kc4 Bf4 48. Ra2 Bc1 49. Re2 Bb2 50. Kb3 Bxd4 51. Kxa3 Nf4 52. Re1 Ng6 53.
Kb3 Bxe5 54. Kc4 Kf6 0-1

[Event "XX Festival A"]
[Site "Campobasso ITA"]
[Date "2013.08.04"]
[Round "5"]
[White "Cipollaro, Giovanni"]
[Black "Bontempi, Piero"]
[WhiteElo "1913"]
[BlackElo "2376"]
[Result "0-1"]
[PlyCount "49"]
[EventDate "2013.08.02"]

1. Nf3 d5 2. c4 d4 3. d3 Nc6 4. g3 e5 5. Bg2 Nf6 6. O-O Nd7 7. e3 Be7 8. exd4
exd4 9. Nbd2 Nc5 10. Nb3 Ne6 11. Re1 O-O 12. a3 a5 13. Ne5 Nxe5 14. Rxe5 c6 15.
a4 Bd6 16. Re1 c5 17. Nd2 Ra7 18. f4 Nc7 19. Ne4 Be7 20. Qf3 f5 21. Nd2 b6 22.
Qd1 Bb7 23. Bxb7 Rxb7 24. Qf3 Rb8 25. h3 0-1

[Event "XX Festival A"]
[Site "Campobasso ITA"]
[Date "2013.08.04"]
[Round "5"]
[White "Cocchia, Umberto"]
[Black "Lazov, Stefan"]
[WhiteElo "1883"]
[BlackElo "1798"]
[Result "1-0"]
[PlyCount "60"]
[EventDate "2013.08.02"]

1. e4 d6 2. d4 Nf6 3. Nc3 g6 4. Be3 Bg7 5. Qd2 c6 6. O-O-O b5 7. e5 b4 8. exf6
bxc3 9. Qxc3 Bxf6 10. Nf3 O-O 11. h4 h5 12. Bh6 Re8 13. Qd2 Qb6 14. c3 Qa5 15.
Bc4 Bg4 16. Bg5 Bxf3 17. Bxf6 d5 18. Rde1 Be4 19. Rxe4 dxe4 20. Qh6 exf6 21.
Qxg6+ Kh8 22. Qxf6+ Kh7 23. Qxf7+ Kh6 24. Qxe8 Qf5 25. Qe6+ Qxe6 26. Bxe6 Na6
27. Re1 Rf8 28. Rxe4 Rxf2 29. Bh3 Nc7 30. c4 Na6 1-0

[Event "XX Festival A"]
[Site "Campobasso ITA"]
[Date "2013.08.04"]
[Round "5"]
[White "Delfino, Luigi"]
[Black "D'Aquino, Ugo"]
[WhiteElo "2221"]
[BlackElo "1889"]
[Result "1-0"]
[PlyCount "63"]
[EventDate "2013.08.02"]

1. e4 c5 2. Nf3 d6 3. c3 Nf6 4. h3 Nc6 5. Bd3 e6 6. Bc2 Be7 7. O-O O-O 8. Re1
Qc7 9. d4 Rd8 10. Qe2 cxd4 11. cxd4 e5 12. d5 Nb4 13. Bb3 b6 14. Nc3 Na6 15.
Bc4 Nc5 16. b4 Nb7 17. Be3 Bd7 18. Rec1 Rac8 19. Nd2 g6 20. Ba6 Nh5 21. a4 Nf4
22. Qf1 f5 23. Rab1 Rf8 24. a5 Nxh3+ 25. gxh3 f4 26. axb6 axb6 27. Na4 Qxc1 28.
Rxc1 fxe3 29. Nxb6 exd2 30. Rxc8 Bxc8 31. Nc4 Rxf2 32. Qd1 1-0

[Event "XX Festival A"]
[Site "Campobasso ITA"]
[Date "2013.08.04"]
[Round "5"]
[White "Foglia, Maurizio"]
[Black "Lazic, Miroljub"]
[WhiteElo "2113"]
[BlackElo "2457"]
[Result "0-1"]
[PlyCount "70"]
[EventDate "2013.08.02"]

1. d4 d6 2. Nf3 Bg4 3. Nbd2 Nd7 4. h3 Bh5 5. c4 c6 6. Qb3 Qc7 7. g4 Bg6 8. Nh4
e5 9. Nxg6 hxg6 10. dxe5 dxe5 11. Bg2 Ngf6 12. Qc2 a5 13. Nf3 Bb4+ 14. Kf1 a4
15. Bd2 Bxd2 16. Nxd2 Nc5 17. Ne4 Nfxe4 18. Bxe4 Rd8 19. Bf3 Qa5 20. g5 Rd2 21.
Qc1 Ke7 22. Kg2 Rhd8 23. b3 a3 24. h4 Qb4 25. h5 gxh5 26. Rxh5 Ne6 27. Rh7 g6
28. Qh1 Qc5 29. b4 Qd4 30. Rc1 Nxg5 31. Rh4 e4 32. Bg4 Rxa2 33. Qh2 Qd6 34. Qh1
Rd2 35. c5 Qe5 0-1

[Event "XX Festival A"]
[Site "Campobasso ITA"]
[Date "2013.08.04"]
[Round "5"]
[White "Franciosi, Fausto"]
[Black "Petruccioli, Antonio"]
[WhiteElo "2084"]
[BlackElo "2087"]
[Result "1-0"]
[PlyCount "79"]
[EventDate "2013.08.02"]

1. d4 Nf6 2. Nf3 e6 3. c4 c5 4. d5 d6 5. Nc3 exd5 6. cxd5 Be7 7. h3 O-O 8. e4
Re8 9. Bd3 a6 10. a4 Nbd7 11. O-O Nf8 12. Nd2 Bd7 13. a5 Ng6 14. Re1 b5 15.
axb6 Qxb6 16. Nc4 Qc7 17. e5 Nxe5 18. Rxe5 dxe5 19. d6 Bxd6 20. Nxd6 Red8 21.
Nde4 Nxe4 22. Bxe4 Be6 23. Qe2 Rab8 24. Rxa6 Bc8 25. Rc6 Qd7 26. Rxc5 Qe7 27.
Rd5 Be6 28. Rxe5 Qb4 29. Bd5 Bxd5 30. Nxd5 Qb3 31. Ne7+ Kf8 32. Kh2 Qb6 33. Qh5
f6 34. Nd5 Qd6 35. Nxf6 g6 36. Qh6+ Kf7 37. Ng4 Kg8 38. Bf4 Rf8 39. Re8 Qc6 40.
Qxf8# 1-0

[Event "XX Festival A"]
[Site "Campobasso ITA"]
[Date "2013.08.04"]
[Round "5"]
[White "Grasso, Nino"]
[Black "Piro, Valerio"]
[WhiteElo "2038"]
[BlackElo "2030"]
[Result "0-1"]
[PlyCount "112"]
[EventDate "2013.08.02"]

1. e4 c6 2. d4 d5 3. exd5 cxd5 4. c4 Nf6 5. Nc3 Nc6 6. Nf3 Bg4 7. cxd5 Nxd5 8.
Qb3 Bxf3 9. gxf3 e6 10. Qxb7 Nxd4 11. Bb5+ Nxb5 12. Qc6+ Ke7 13. Qxb5 Qd7 14.
Nxd5+ Qxd5 15. Qxd5 exd5 16. Be3 Ke6 17. Rc1 Bb4+ 18. Ke2 Rhc8 19. a3 Bd6 20.
Kd3 a6 21. Bd4 g6 22. Rhe1+ Kd7 23. Rc3 h5 24. h3 Rxc3+ 25. Bxc3 Bc5 26. Bd4
Bd6 27. Rc1 Rc8 28. Rxc8 Kxc8 29. b4 Kd7 30. Bc3 Kc6 31. a4 Be7 32. f4 Bh4 33.
Ke3 Be7 34. f5 g5 35. f6 Bd6 36. Kd4 g4 37. h4 g3 38. fxg3 Bxg3 39. b5+ axb5
40. axb5+ Kxb5 41. Kxd5 Bxh4 42. Be5 Bg5 43. Kd6 Kc4 44. Ke7 Kd5 45. Bh2 Ke4
46. Kxf7 Kf5 47. Kg7 Bxf6+ 48. Kh6 Kg4 49. Kg6 Bd8 50. Kh6 h4 51. Kg6 h3 52.
Be5 Bh4 53. Bh2 Bg3 54. Bg1 Kf3 55. Kh5 Kg2 56. Kg4 Be1 0-1

[Event "XX Festival A"]
[Site "Campobasso ITA"]
[Date "2013.08.04"]
[Round "5"]
[White "Laketic, Gojko"]
[Black "Stromboli, Ettore"]
[WhiteElo "2419"]
[BlackElo "2336"]
[Result "1-0"]
[PlyCount "85"]
[EventDate "2013.08.02"]

1. d4 Nf6 2. c4 e5 3. dxe5 Ne4 4. Nf3 Bb4+ 5. Nbd2 Nc6 6. a3 Nxd2 7. Bxd2 Bxd2+
8. Qxd2 Qe7 9. Qc3 b6 10. e3 Bb7 11. h4 O-O-O 12. O-O-O Rhe8 13. Rd5 Nb8 14.
Rd4 Nc6 15. Rg4 Rg8 16. Bd3 g6 17. Be4 Rde8 18. Rd1 Nxe5 19. Bxb7+ Kxb7 20.
Nxe5 Qxe5 21. Qxe5 Rxe5 22. Rxd7 Rf5 23. f3 Re8 24. Kd2 Kc6 25. Rgd4 a5 26.
R7d5 Rf6 27. Rd8 Re7 28. R8d5 Rfe6 29. Rd3 a4 30. g4 h6 31. e4 Rf6 32. Ke3 Kb7
33. Rd7 Ree6 34. g5 hxg5 35. hxg5 Rf5 36. R3d5 f6 37. Rxf5 gxf5 38. g6 fxe4 39.
g7 Re8 40. Rf7 f5 41. Rf8 f4+ 42. Kxf4 exf3 43. Kxf3 1-0

[Event "XX Festival A"]
[Site "Campobasso ITA"]
[Date "2013.08.04"]
[Round "5"]
[White "Lombardi, Vincenzo Angelo"]
[Black "Buiano, Fabio"]
[WhiteElo "1920"]
[BlackElo "2025"]
[Result "1-0"]
[PlyCount "45"]
[EventDate "2013.08.02"]

1. e4 c5 2. Nc3 Nc6 3. g3 g6 4. Bg2 Bg7 5. d3 e6 6. Be3 d6 7. Qd2 Nge7 8. Bh6
Bxh6 9. Qxh6 Nd4 10. O-O-O Nec6 11. Nge2 Qa5 12. Kb1 Bd7 13. Qf4 O-O-O 14. Qxd6
Nxe2 15. Nxe2 Nb4 16. a3 Nxc2 17. Rc1 Ba4 18. Qe5 Qd2 19. Nc3 Bb3 20. Qxc5+ Kb8
21. Nb5 Qa5 22. Qe5+ Kc8 23. Nd6+ 1-0

[Event "XX Festival A"]
[Site "Campobasso ITA"]
[Date "2013.08.04"]
[Round "5"]
[White "Naumkin, Igor"]
[Black "Aleksic, Nenad"]
[WhiteElo "2445"]
[BlackElo "2357"]
[Result "1-0"]
[PlyCount "77"]
[EventDate "2013.08.02"]

1. d4 Nf6 2. c4 e6 3. Nf3 c5 4. d5 exd5 5. cxd5 d6 6. Nc3 a6 7. a4 g6 8. e4 Bg4
9. Be2 Bg7 10. O-O O-O 11. Bf4 Re8 12. Nd2 Bxe2 13. Qxe2 Nh5 14. Be3 Nd7 15. a5
Rc8 16. Ra4 Bd4 17. Nf3 Bxe3 18. Qxe3 Ne5 19. Nxe5 dxe5 20. Rc1 Nf6 21. h3 Nd7
22. Nb1 b5 23. axb6 Qxb6 24. Rc2 Rb8 25. Nd2 Qb5 26. Rac4 Rb6 27. R4c3 Qa4 28.
Kh2 Reb8 29. Nc4 Rb3 30. Qg3 Rxc3 31. Rxc3 Re8 32. Nd6 Rb8 33. Rf3 Rf8 34. Ra3
Qb4 35. Rxa6 Qxb2 36. Ra7 Rd8 37. Qh4 Qb8 38. Rb7 Qa8 39. Qe7 1-0

[Event "XX Festival A"]
[Site "Campobasso ITA"]
[Date "2013.08.04"]
[Round "5"]
[White "Radice, Mario"]
[Black "Vuelban, Virgilio"]
[WhiteElo "1910"]
[BlackElo "2301"]
[Result "0-1"]
[PlyCount "50"]
[EventDate "2013.08.02"]

1. e4 c5 2. Nf3 d6 3. d4 cxd4 4. Nxd4 Nf6 5. Nc3 a6 6. Be2 e5 7. Nf3 Be7 8. Bg5
Be6 9. Bxf6 Bxf6 10. O-O Nc6 11. Nd5 Bxd5 12. Qxd5 O-O 13. Rfd1 Be7 14. c3 Qb6
15. Rd2 Kh8 16. g4 Nd8 17. Ne1 Ne6 18. Ng2 Rad8 19. Bc4 Ng5 20. Qd3 d5 21. Bxd5
Rxd5 22. exd5 e4 23. Qe3 Nf3+ 24. Kf1 Qxe3 25. Nxe3 Nxd2+ 0-1

[Event "XX Festival A"]
[Site "Campobasso ITA"]
[Date "2013.08.04"]
[Round "5"]
[White "Stromboli, Carlo"]
[Black "Dragojlovic, Andjelko"]
[WhiteElo "2328"]
[BlackElo "2349"]
[Result "1/2-1/2"]
[PlyCount "160"]
[EventDate "2013.08.02"]

1. e4 c5 2. Nf3 g6 3. d4 cxd4 4. Qxd4 Nf6 5. e5 Nc6 6. Qa4 Nd5 7. Qb3 Nc7 8.
Bc4 Ne6 9. Bxe6 dxe6 10. O-O Bg7 11. Bf4 O-O 12. Qe3 Nb4 13. Qe4 Nd5 14. Bg3 b5
15. Qe2 Qb6 16. c3 Bb7 17. Rd1 Bh6 18. Nd4 a6 19. Qg4 Rac8 20. Nd2 Rfd8 21.
N4b3 Rd7 22. a4 Rcd8 23. axb5 axb5 24. Qd4 Qxd4 25. cxd4 Nb4 26. Ra5 Bc6 27.
Nf3 Nc2 28. h3 b4 29. Bh4 Bxf3 30. gxf3 g5 31. Bg3 Nxd4 32. Rxd4 Rxd4 33. Nxd4
Rxd4 34. Rb5 Kg7 35. Rb7 Kg6 36. Kf1 Bg7 37. Ke2 h5 38. Ke3 Rd1 39. h4 gxh4 40.
Bxh4 Bxe5 41. Bxe7 Bxb2 42. Rxb4 Bc1+ 43. Ke2 Rd2+ 44. Kf1 Rd7 45. Rc4 Bh6 46.
Bb4 Bg5 47. Kg2 Rd3 48. Bc3 f6 49. Rc8 Kf5 50. Ba5 e5 51. Rh8 h4 52. Bb6 Rd2
53. Kf1 Rd1+ 54. Kg2 Rd2 55. Kf1 Rd3 56. Kg2 e4 57. fxe4+ Kg4 58. Bc7 Rc3 59.
Bd6 Rf3 60. Rg8 Rd3 61. Bc7 Rd2 62. Rh8 Rc2 63. Bd6 Rc3 64. Rh7 Rc2 65. Rh8 Be3
66. Rg8+ Kh5 67. Rh8+ Kg6 68. Rxh4 Rxf2+ 69. Kh3 Bg5 70. Rh8 Rd2 71. Bc5 Rc2
72. Bd6 Rc3+ 73. Kg4 Rc4 74. Re8 f5+ 75. Kf3 Rc3+ 76. Kf2 Be3+ 77. Kg2 f4 78.
Rf8 Rc2+ 79. Kf3 Rf2+ 80. Kg4 Rg2+ 1/2-1/2

[Event "XX Festival A"]
[Site "Campobasso ITA"]
[Date "2013.08.04"]
[Round "5"]
[White "Zinnai, Graziano Matteo"]
[Black "Palladino, Andrea"]
[WhiteElo "2021"]
[BlackElo "1965"]
[Result "1-0"]
[PlyCount "101"]
[EventDate "2013.08.02"]

1. e4 e5 2. Nf3 Nc6 3. d3 Nf6 4. c3 d5 5. Nbd2 Bc5 6. b4 Bd6 7. Bb2 a5 8. b5
Ne7 9. exd5 Nexd5 10. g3 O-O 11. Nc4 Re8 12. Nxd6 Qxd6 13. Be2 Bf5 14. O-O Rad8
15. d4 exd4 16. Nxd4 Bg6 17. Bf3 Ne4 18. Rc1 Ng5 19. Bg2 Be4 20. f3 Bg6 21. Qd2
Ne6 22. f4 Nc5 23. f5 Bh5 24. Qg5 Nf6 25. c4 Nd3 26. Ne6 Rxe6 27. fxe6 Nxb2 28.
Rxf6 Qd4+ 29. Rf2 Nd3 30. Rcf1 Nxf2 31. Rxf2 Qd1+ 32. Rf1 Qd4+ 33. Kh1 Bg6 34.
exf7+ Bxf7 35. Bxb7 Bxc4 36. Re1 Rf8 37. Be4 Bxa2 38. Qh4 g6 39. Qg5 Qd6 40.
Bg2 Bc4 41. h4 Rf5 42. Qe3 Bxb5 43. g4 Rf8 44. Qb3+ Kg7 45. Qxb5 Qf6 46. g5 Qd6
47. Qb2+ Kg8 48. Qb3+ Kg7 49. Qc3+ Kg8 50. Qc4+ Kg7 51. Re6 1-0